How to listen to God / (Record no. 4609)

MARC details
000 -LEADER
fixed length control field 00827pam a2200253 a 4500
001 - CONTROL NUMBER
control field 1915237
003 - CONTROL NUMBER IDENTIFIER
control field GBCCL
005 - DATE AND TIME OF LATEST TRANSACTION
control field 20241126110522.0
008 - FIXED-LENGTH DATA ELEMENTS--GENERAL INFORMATION
fixed length control field 850923s1985 tnu 000 0 eng
010 ## -
-- 85021769
020 ## - INTERNATIONAL STANDARD BOOK NUMBER
International Standard Book Number 0840790414 :
Terms of availability $9.95
040 ## - CATALOGING SOURCE
Original cataloging agency DLC
Transcribing agency DLC
Modifying agency DLC
050 00 -
-- BT127.2
-- .S75 1985
082 00 - DEWEY DECIMAL CLASSIFICATION NUMBER
Classification number 231.74
Edition information 19
Item number STA
100 1# - MAIN ENTRY--PERSONAL NAME
Personal name Stanley, Charles F.
9 (RLIN) 218
245 10 - TITLE STATEMENT
Title How to listen to God /
Statement of responsibility, etc. Charles Stanley.
260 ## - PUBLICATION, DISTRIBUTION, ETC.
Place of publication, distribution, etc. Nashville, Tenn. :
Name of publisher, distributor, etc. Oliver-Nelson Books,
Date of publication, distribution, etc. c1985.
300 ## - PHYSICAL DESCRIPTION
Extent 162 p. ;
Dimensions 22 cm.
650 #0 - SUBJECT ADDED ENTRY--TOPICAL TERM
Topical term or geographic name entry element Revelation
General subdivision Christianity.
9 (RLIN) 8492
650 #0 - SUBJECT ADDED ENTRY--TOPICAL TERM
Topical term or geographic name entry element Listening
General subdivision Religious aspects
-- Christianity.
9 (RLIN) 8493
856 42 - ELECTRONIC LOCATION AND ACCESS
Materials specified Publisher description
Uniform Resource Identifier <a href="http://www.loc.gov/catdir/enhancements/fy0609/85021769-d.html">http://www.loc.gov/catdir/enhancements/fy0609/85021769-d.html</a>
906 ## - LOCAL DATA ELEMENT F, LDF (RLIN)
a 7
b cbc
c orignew
d 1
e ocip
f 19
g y-gencatlg
942 ## - ADDED ENTRY ELEMENTS (KOHA)
Source of classification or shelving scheme Dewey Decimal Classification
Koha item type Books
Holdings
Withdrawn status Lost status Source of classification or shelving scheme Damaged status Not for loan Home library Current Library Shelving location Date acquired Total checkouts Full call number Barcode Date last seen Copy number Price effective from Koha item type
    Dewey Decimal Classification     GRACE BIBLE COLLEGE GRACE BIBLE COLLEGE Theology 2018-01-29   231.74 STA 006178 2025-05-01 c.1 2018-01-29 Books
© Grace Bible College Library 2025